000
00276nam a2200097Ia 4500
001
706765
005
20250826162455.0
008
250824s9999 xx 000 0 und d
245
0
_a
KURANI KERİM TÜRKÇE MEALİ VE TEFSİRİ V
_c
ÖMER NASUHİ BİLMEN
260
_b
AKÇAĞ YAYINLARI
999
_c
706765
_d
706765